000 00718nam a2200217Ia 4500
999 _c56470
_d56470
001 23583
003 GE_BSU
005 20221111163039.0
008 181216s2014||||en |||||||||||||| ||eng||
020 _a9780823086047x
040 _cGE_BSU
041 _aeng
080 _a743.84 A-47
100 _aAmes, Lee J.
_94452
245 _aDraw 50 Buildings and Other Structures: The Step-by-Step Way to Draw Castles and Cathedrals, Skyscrapers and Bridges, and So Much More /
_cLee J, Ames.
264 _aBerkeley :
_bWatson-Guptill Publications,
_c2014.
300 _a30 p. :
_b ill;
_c28 cm.
653 _aРисование и черчение
653 _aხაზვა და ხატვა
942 _cBK
_2udc